| 000 | 00790nam a2200169Ia 4500 | ||
|---|---|---|---|
| 999 |
_c12335 _d12335 |
||
| 005 | 20240809161633.0 | ||
| 008 | 240808s9999 xx 000 0 und d | ||
| 040 |
_aUPAN _cBiblioteca San Vicente _eRCAA2 |
||
| 041 | _aspa | ||
| 082 |
_a371.264 _bMon _c2022 |
||
| 100 |
_aMonroy Zepeda, Marcos Alexander _4aut. |
||
| 245 | 0 | _aIncidencia de las plataformas educativas virtuales en el rendimiento académico de los estudiantes de tercer ciclo del Centro Escolar Católico San José código 88001 del municipio de Ahuachapán, departamento de Ahuachapán. En el periodo comprendido de agosto de 2021 a febrero de 2022 | |
| 260 |
_aAhuachapán: _bUniversidad Panamericana, _c2022 |
||
| 300 |
_a137 p.; _c28 cm. |
||
| 650 |
_2LEMB _aPlataformas educativas _xRendimiento académico |
||
| 942 |
_cBK _2ddc |
||